[Event "Frauenbundesliga 2021-22"]
[Site "Germany"]
[Date "2022.09.04"]
[Round "7.4"]
[White "Heinemann, Josefine"]
[Black "Schulz, Petra"]
[Result "1-0"]
[WhiteElo "2290"]
[BlackElo "1991"]
[Annotator "TA"]
[PlyCount "47"]
[EventDate "2021.11.26"]
[EventType "team-tourn"]
[EventCountry "GER"]
[SourceTitle "playchess.com"]
[Source "ChessBase"]
[SourceQuality "1"]
[WhiteTeam "BAD"]
[BlackTeam "LEI"]
[WhiteTeamCountry "GER"]
[BlackTeamCountry "GER"]
[TimeControl "40/5400+30:1800+30"]

{[%evp 21,47,28,25,26,32,38,91,102,88,88,187,83,84,81,83,69,104,105,398,363,795,793,777,794,930,843,29983,5933]} 1. e4 {[%emt 0:01:00]} e6 {[%emt 0:01:00]} 2. d4 {[%emt 0:00:00]} d5 {[%emt 0:00:00]} 3. Nd2 {[%emt 0:00:00]} c5 {[%emt 0:00:00]} 4. exd5 {[%emt 0:00:00]} Qxd5 {[%emt 0:00:00]} 5. Ngf3 {[%emt 0:00:00]} cxd4 {[%emt 0:00:00]} 6. Bc4 {[%emt 0:00:30]} Qd6 {[%emt 0:00:30]} 7. O-O {[%emt 0:00:30]} Nf6 {[%emt 0:01:30]} 8. Nb3 {[%emt 0:00:30]} Nc6 {[%emt 0:00:00]} 9. Nbxd4 {[%emt 0:00:30]} Nxd4 {[%emt 0:00:00]} 10. Nxd4 {[%emt 0:00:30]} a6 {[%emt 0:00:30]} 11. Re1 {[%emt 0:01:30]} Be7 {[%emt 0:08:30]} 12. c3 {[%emt 0:01:30] C07: French Tarrasch: 3...c5, 4 Ngf3 and 4 exd5 Qxd5.} Qc7 {[%emt 0:03:30]} 13. Bb3 {[%emt 0:05:30][%cal Bc4b3,Bb3c2,Bc2a4][%mdl 32]} b6 {[%emt 0:06:30]} ({Better is} 13... Bd7 $14) 14. Qf3 $16 {[%emt 0:05:30] White is better.} Bb7 {[%emt 0:00:30] [#]} 15. Bf4 $146 {[%emt 0:00:30][%cal Bc1f4,Bf4e5,Be5g7][%mdl 32]} ({Predecessor:} 15. Qh3 O-O 16. Bg5 Rfe8 17. Bc2 g6 18. f4 Nd5 19. Rf1 Bxg5 20. fxg5 Rad8 21. Rf2 {0-1 (59) Bayo Milagro,A (2138)-Grynszpan,M (2390) San Sebastian 2015}) 15... Qc8 {[%emt 0:01:30]} (15... Qd7 $16 16. Qh3 Bd5) 16. Qh3 {[%emt 0:05:30]} (16. Qd3 $18 {and White stays clearly on top.}) 16... Bd5 {[%emt 0:00:30]} 17. Bc2 {[%emt 0:01:30]} Qb7 {[%emt 0:01:30]} 18. Be5 {[%emt 0:05:30] 0x0.00264cf1c310dp-1022s more active pieces. The black rooks are badly placed.} O-O-O {[%emt 0:04:30]} 19. c4 $36 {[%emt 0:07:30][%mdl 2048] White is really pushing.} Bxc4 {[%emt 0:16:30][%mdl 8192] This move loses the game for Black.} (19... Bc6 $16 {was worth a try.}) 20. Rac1 $18 {[%emt 0:01:30]} ({Weaker is} 20. Qc3 b5 21. b3 Ng4 $18) 20... Kd7 $2 {[%emt 0:02:30]} (20... Bc5 21. Bd3 Nd7) 21. Ba4+ {[%emt 0:00:30][%mdl 64] [#] Discovered Attack} b5 {[%emt 0:04:30]} 22. Rxc4 {[%emt 0:00:30] Strongly threatening Rc7+.} Nd5 {[%emt 0:00:00] Prevents Rc7+.} 23. Bxg7 {[%emt 0:07:30][%cal Rd4e6] Nxe6 is the strong threat.} Rhg8 {[%emt 0:00:00] [#]} 24. Nxe6 $1 {[%emt 0:00:30] Weighted Error Value: White=0.10 (very precise) /Black=1.19} 1-0

[Event "Frauenbundesliga 2021-22"]
[Site "Germany"]
[Date "2022.09.04"]
[Round "7.5"]
[White "Germann, Heike"]
[Black "Kachiani-Gersinska, Ketino"]
[Result "1/2-1/2"]
[WhiteElo "1992"]
[BlackElo "2295"]
[Annotator "RC"]
[PlyCount "41"]
[EventDate "2021.11.26"]
[EventType "team-tourn"]
[EventCountry "GER"]
[SourceTitle "playchess.com"]
[Source "ChessBase"]
[SourceQuality "1"]
[WhiteTeam "LEI"]
[BlackTeam "BAD"]
[WhiteTeamCountry "GER"]
[BlackTeamCountry "GER"]
[TimeControl "40/5400+30:1800+30"]

1. d4 {[%emt 0:01:00]} Nf6 {[%emt 0:01:00]} 2. c4 {[%emt 0:00:00]} c5 {[%emt 0:04:30]} 3. d5 {[%emt 0:00:00]} b5 {[%emt 0:00:30]} 4. cxb5 {[%emt 0:00:00]} a6 {[%emt 0:00:00]} 5. f3 {[%emt 0:01:00]} axb5 {[%emt 0:14:00]} 6. e4 {[%emt 0:00:30]} Qa5+ {[%emt 0:00:30]} 7. Bd2 {[%emt 0:00:30]} b4 {[%emt 0:02:30]} 8. Na3 {[%emt 0:01:30]} Ba6 {[%emt 0:02:30]} 9. Nc4 {[%emt 0:00:30]} Bxc4 {[%emt 0:00:00]} 10. Bxc4 {[%emt 0:00:30]} d6 {[%emt 0:00:00]} 11. Nh3 {[%emt 0:07:30]} g6 {[%emt 0:06:30]} 12. O-O {[%emt 0:00:30]} Bg7 {[%emt 0:00:30]} 13. a3 {[%emt 0:01:30]} Qb6 {[%emt 0:01:30]} 14. Qb3 {[%emt 0:01:30]} Nfd7 {[%emt 0:03:30]} 15. axb4 {[%emt 0:17:30]} Rxa1 {[%emt 0:02:30]} 16. Rxa1 {[%emt 0:00:00]} cxb4+ {[%emt 0:01:30]} 17. Kf1 {[%emt 0:10:00]} Qd4 {[%emt 0:09:30]} 18. Qxb4 {[%emt 0:06:30]} Qxb2 {[%emt 0:00:30]} 19. Qxb2 {[%emt 0:00:00]} Bxb2 {[%emt 0:00:00]} 20. Rb1 {[%emt 0:02:00]} Bd4 {[%emt 0:04:00]} 21. Bb5 {[%emt 0:10:30]} 1/2-1/2

[Event "Frauenbundesliga 2021-22"]
[Site "Germany"]
[Date "2022.09.04"]
[Round "7.6"]
[White "Tammert, Iamze"]
[Black "Just, Anita"]
[Result "1-0"]
[WhiteElo "2299"]
[BlackElo "1895"]
[Annotator "TA"]
[PlyCount "93"]
[EventDate "2021.11.26"]
[EventType "team-tourn"]
[EventCountry "GER"]
[SourceTitle "playchess.com"]
[Source "ChessBase"]
[SourceQuality "1"]
[WhiteTeam "BAD"]
[BlackTeam "LEI"]
[WhiteTeamCountry "GER"]
[BlackTeamCountry "GER"]
[TimeControl "40/5400+30:1800+30"]

{[%evp 9,93,0,9,0,19,12,19,0,13,28,66,64,83,65,66,52,65,62,122,127,123,58,56,38,51,39,53,42,104,102,139,135,145,145,161,83,78,-28,356,312,645,424,916,824,1260,1232,1150,463,459,462,458,466,457,443,508,504,550,542,483,465,1695,1695,1618,1542,1422,1322,1095,1048,1832,1766,1595,1595,1800,1718,29953,29962,29969,29971,29970,29972,29970,29963,29970,29969,12796,7204]} 1. c4 {[%emt 0:01:00]} e5 {[%emt 0:01:00]} 2. Nc3 {[%emt 0:00:00]} f5 {[%emt 0:00:30]} 3. d3 {[%emt 0:00:00]} Nf6 {[%emt 0:00:00]} 4. g3 {[%emt 0:01:30]} Bb4 {[%emt 0:01:00]} 5. Bg2 {[%emt 0:00:30]} O-O {[%emt 0:00:30]} 6. Qb3 {[%emt 0:02:30] A21: English Opening: 1...e5 2 Nc3.} Bxc3+ {[%emt 0:01:30]} 7. Qxc3 {[%emt 0:01:30]} d6 {[%emt 0:01:30]} 8. Nf3 {[%emt 0:07:30] The position is equal.} Nc6 {[%emt 0:04:30]} 9. b4 {[%emt 0:01:30][%cal Bb2b4,Bb4b5][%mdl 32] [#]} a5 $146 {[%emt 0:08:30]} ({Predecessor:} 9... Qd7 10. O-O Qe8 11. b5 Nd8 12. a4 Ne6 13. Ba3 h6 14. c5 e4 15. Nd4 Nxc5 16. Bxc5 dxc5 17. Qxc5 {1-0 (24) Thurlow,K (2234)-Cook,D (2268) ICCF email 2019}) 10. b5 {[%emt 0:01:30]} Nb8 {[%emt 0:00:30]} 11. O-O {[%emt 0:08:30]} (11. Ba3 {is more complex.} Nbd7 12. c5 e4 13. Nd4) 11... Nbd7 {[%emt 0:07:30]} 12. Ba3 {[%emt 0:13:30]} Qe7 {[%emt 0:07:30]} 13. Rac1 {[%emt 0:03:30] White is more active.} c5 {[%emt 0:04:30] [#]} (13... e4 $1 $14) 14. bxc6 $1 $16 {[%emt 0:00:30]} bxc6 {[%emt 0:00:30]} 15. Nd2 {[%emt 0:03:30]} (15. Nh4 $16 Nb8 16. Rb1) 15... Ra6 $14 {[%emt 0:05:30]} 16. e3 {[%emt 0:15:30]} c5 {[%emt 0:07:30]} 17. d4 {[%emt 0:01:30]} Ng4 {[%emt 0:06:30]} 18. Rb1 {[%emt 0:06:30]} f4 {[%emt 0:06:30]} (18... e4 $14) 19. dxc5 {[%emt 0:01:30]} dxc5 {[%emt 0:00:30]} 20. exf4 {[%emt 0:00:30]} exf4 {[%emt 0:00:30]} 21. Rbe1 {[%emt 0:11:07]} Qg5 {[%emt 0:02:30]} 22. Ne4 {[%emt 0:00:40]} (22. h3 $18 Ngf6 23. Nf3) 22... Qh5 $16 {[%emt 0:02:30][%csl Gg4][%cal Rh5h2] [#]} 23. h3 {[%emt 0:00:10]} ({White must play} 23. h4 $1 $16) 23... Rh6 $2 {[%emt 0:06:30][%mdl 8192] A mistake that costs the game.} 24. gxf4 $18 {[%emt 0:02:31]} ({But not} 24. Qxa5 $2 f3 25. h4 fxg2 26. Kxg2 Bb7 $19) (24. Bb2 Ngf6 25. g4 (25. Qxa5 $2 f3 $19) (25. gxf4 Nb6 $16) 25... Qh4 $18) (24. Nxc5 f3 25. Nxd7 (25. Bxf3 Qxh3 26. Bd5+ Kh8) 25... fxg2 26. Bxf8 Nf6 27. Nxf6+ Rxf6 $11) 24... Rxf4 $2 {[%emt 0:06:56]} (24... Ngf6 25. Nd6 (25. Qxa5 Nxe4 26. Rxe4 Ra6 $11) 25... Rg6) 25. Qg3 {[%emt 0:00:52]} g5 {[%emt 0:01:13]} (25... Rxe4 $142 26. Bxe4 Ngf6) 26. Bc1 {[%emt 0:02:35]} ({Don't blunder} 26. hxg4 $2 Rxg4 27. Re3 Rxg3 28. fxg3 Qh2+ 29. Kf2 Ne5 $19) 26... Rxe4 {[%emt 0:05:40]} 27. Rxe4 {[%emt 0:00:43]} Ngf6 {[%emt 0:01:58]} 28. Qxg5+ {[%emt 0:04:35]} (28. Re7 $142) 28... Qxg5 {[%emt 0:01:37]} 29. Bxg5 {[%emt 0:00:00]} Rg6 {[%emt 0:01:10]} 30. Bxf6 {[%emt 0:00:06]} Nxf6 {[%emt 0:00:43]} 31. Re3 {[%emt 0:00:06]} Ba6 {[%emt 0:02:42]} 32. Rc1 {[%emt 0:01:16]} Nh5 {[%emt 0:00:30]} 33. Kh2 {[%emt 0:00:11]} Nf4 {[%emt 0:00:38]} 34. Rg3 {[%emt 0:00:14]} Nxg2 {[%emt 0:01:03]} (34... Kf7 $142 35. Bd5+ Ke7 36. Re3+ Kd7) 35. Rxg6+ {[%emt 0:00:43]} hxg6 {[%emt 0:00:02]} 36. Kxg2 {[%emt 0:00:02][%mdl 4096] Endgame KR-KB} Kf7 {[%emt 0:00:17]} 37. Kg3 {[%emt 0:00:10]} Kf6 {[%emt 0:00:29]} 38. Kf4 {[%emt 0:01:08]} g5+ {[%emt 0:00:29]} 39. Ke4 {[%emt 0:00:25] Black must now prevent Kd5.} Bb7+ {[%emt 0:00:30]} 40. Ke3 {[%emt 0:01:11]} Ke5 {[%emt 0:02:41]} 41. Rg1 {[%emt 0:30:34]} Kf5 {[%emt 0:31:06]} 42. Rg4 {[%emt 0:00:37]} Bc6 {[%emt 0:00:58]} 43. f4 {[%emt 0:03:23]} gxf4+ {[%emt 0:00:53]} 44. Rxf4+ {[%emt 0:00:05]} Kg6 {[%emt 0:00:52]} 45. Rh4 {[%emt 0:00:00]} Kg5 {[%emt 0:00:00]} 46. Rh8 {[%emt 0:00:00]} Bb7 {[%emt 0:00:00]} 47. Rb8 {[%emt 0:00:00] Weighted Error Value: White=0.37/Black=0.61} 1-0

[Event "Frauenbundesliga 2021-22"]
[Site "Germany"]
[Date "2022.09.04"]
[Round "7.7"]
[White "Reizniece-Ozola, Dana"]
[Black "Klek, Hanna Marie"]
[Result "1/2-1/2"]
[WhiteElo "2283"]
[BlackElo "2314"]
[Annotator "NA RC"]
[PlyCount "97"]
[EventDate "2021.11.26"]
[EventType "team-tourn"]
[EventCountry "GER"]
[SourceTitle "playchess.com"]
[Source "ChessBase"]
[SourceQuality "1"]
[WhiteTeam "LOE"]
[BlackTeam "DEI"]
[WhiteTeamCountry "LAT"]
[BlackTeamCountry "GER"]
[TimeControl "40/5400+30:1800+30"]

1. c4 {[%emt 0:01:00]} e5 {[%emt 0:01:00]} 2. g3 {[%emt 0:00:00]} c6 {[%emt 0:00:00]} 3. d4 {[%emt 0:02:00]} e4 {[%emt 0:00:00]} 4. d5 {[%emt 0:01:30]} Bb4+ {[%emt 0:00:30]} 5. Bd2 {[%emt 0:00:30]} Qe7 {[%emt 0:00:00]} 6. Nc3 {[%emt 0:01:30]} Nf6 {[%emt 0:00:00]} 7. Bg2 {[%emt 0:02:30]} O-O {[%emt 0:00:30]} 8. Nh3 {[%emt 0:02:30]} cxd5 {[%emt 0:00:30]} 9. cxd5 {[%emt 0:01:30]} d6 {[%emt 0:00:30]} 10. Nxe4 {[%emt 0:12:30]} Bxh3 {[%emt 0:00:30]} 11. Nxf6+ {[%emt 0:00:30]} Qxf6 {[%emt 0:00:00]} 12. Bxh3 {[%emt 0:00:30]} Qxb2 {[%emt 0:00:00]} 13. Bxb4 {[%emt 0:01:30]} Qxb4+ {[%emt 0:00:00]} 14. Qd2 {[%emt 0:00:30]} Qxd2+ {[%emt 0:03:00]} 15. Kxd2 {[%emt 0:00:30]} Na6 {[%emt 0:00:30]} 16. e4 {[%emt 0:04:30]} Rfe8 {[%emt 0:00:30]} 17. Rhe1 {[%emt 0:00:30]} Nc5 {[%emt 0:00:30]} 18. Bg2 {[%emt 0:02:30]} Re7 {[%emt 0:06:30]} 19. Re3 {[%emt 0:02:30]} Rae8 {[%emt 0:02:30]} 20. Rae1 {[%emt 0:00:30]} f6 {[%emt 0:05:30]} 21. f4 {[%emt 0:02:30]} b5 {[%emt 0:04:30]} 22. Kc3 {[%emt 0:01:30]} b4+ {[%emt 0:11:30]} 23. Kd4 {[%emt 0:10:30]} b3 {[%emt 0:02:30]} 24. axb3 {[%emt 0:09:30]} Rb8 {[%emt 0:01:30]} 25. e5 $1 {[%emt 0:03:30]} Nxb3+ {[%emt 0:02:30]} 26. Kd3 {[%emt 0:04:30]} Nc5+ {[%emt 0:01:30]} 27. Kc4 $16 {[%emt 0:05:30]} Rbe8 {[%emt 0:29:30]} 28. Bh3 {[%emt 0:06:30]} Kf8 {[%emt 0:01:30]} 29. Kd4 {[%emt 0:02:23]} a5 {[%emt 0:02:30]} 30. exd6 {[%emt 0:04:37]} Rxe3 {[%emt 0:03:30]} 31. Rxe3 {[%emt 0:00:00]} Rxe3 {[%emt 0:00:00]} 32. Kxe3 {[%emt 0:00:02]} Nb7 {[%emt 0:03:39]} 33. d7 {[%emt 0:01:03]} Ke7 {[%emt 0:00:26]} 34. Kd4 {[%emt 0:00:35]} Kd6 {[%emt 0:09:03]} 35. Kc4 {[%emt 0:01:33]} Kc7 {[%emt 0:00:34]} 36. Kb5 {[%emt 0:06:25]} g6 {[%emt 0:01:54]} 37. Be6 {[%emt 0:01:16]} h6 {[%emt 0:00:43]} 38. h4 {[%emt 0:02:39]} h5 {[%emt 0:03:33]} 39. f5 {[%emt 0:04:39]} Nd6+ {[%emt 0:01:43]} 40. Kxa5 {[%emt 0:00:51]} gxf5 {[%emt 0:00:00]} 41. Kb4 {[%emt 0:03:27]} Ne4 {[%emt 0:06:55]} 42. Bxf5 {[%emt 0:03:30]} Nxg3 {[%emt 0:00:30]} 43. Be6 {[%emt 0:00:30]} Ne4 {[%emt 0:04:30]} 44. Bf7 {[%emt 0:07:10]} Kxd7 {[%emt 0:03:30]} 45. Bxh5 {[%emt 0:00:20]} f5 {[%emt 0:00:30]} 46. Bg6 {[%emt 0:05:19]} Nf6 {[%emt 0:00:30]} 47. Bxf5+ {[%emt 0:00:52]} Ke7 {[%emt 0:00:30]} 48. Kc5 {[%emt 0:00:22]} Nxd5 {[%emt 0:00:00]} 49. Kxd5 {[%emt 0:00:04]} 1/2-1/2

[Event "Frauenbundesliga 2021-22"]
[Site "Germany"]
[Date "2022.09.04"]
[Round "7.8"]
[White "Schleining, Zoya"]
[Black "Rogule, Laura"]
[Result "1-0"]
[WhiteElo "2320"]
[BlackElo "2317"]
[Annotator "NA RC"]
[PlyCount "83"]
[EventDate "2021.11.26"]
[EventType "team-tourn"]
[EventCountry "GER"]
[SourceTitle "playchess.com"]
[Source "ChessBase"]
[SourceQuality "1"]
[WhiteTeam "DEI"]
[BlackTeam "LOE"]
[WhiteTeamCountry "GER"]
[BlackTeamCountry "LAT"]
[TimeControl "40/5400+30:1800+30"]

1. d4 {[%emt 0:01:00]} Nf6 {[%emt 0:01:00]} 2. c4 {[%emt 0:00:00]} e6 {[%emt 0:00:00]} 3. Nc3 {[%emt 0:00:00]} d5 {[%emt 0:00:00]} 4. Bf4 {[%emt 0:00:30]} dxc4 {[%emt 0:05:30]} 5. e3 {[%emt 0:02:30]} Nd5 {[%emt 0:03:30]} 6. Bxc4 {[%emt 0:00:30]} Nxf4 {[%emt 0:01:30]} 7. exf4 {[%emt 0:00:30]} g6 {[%emt 0:08:30]} 8. Nf3 {[%emt 0:00:30]} Bg7 {[%emt 0:00:30]} 9. O-O {[%emt 0:03:30]} O-O {[%emt 0:00:30]} 10. Qd3 {[%emt 0:08:30]} Nd7 {[%emt 0:08:30]} 11. Rad1 {[%emt 0:09:30]} Qf6 {[%emt 0:11:30]} 12. g3 {[%emt 0:04:30]} Rd8 {[%emt 0:13:30]} 13. Rfe1 {[%emt 0:09:30]} c6 {[%emt 0:12:30]} 14. Qe2 {[%emt 0:04:30]} b5 {[%emt 0:06:30]} (14... Qe7 $11) 15. Bb3 {[%emt 0:04:30]} Bb7 {[%emt 0:01:30]} 16. Ne4 {[%emt 0:05:30]} Qe7 {[%emt 0:00:30]} 17. Neg5 {[%emt 0:01:30]} Bf6 $14 {[%emt 0:08:11]} 18. h4 {[%emt 0:02:30]} a6 {[%emt 0:01:27]} 19. Nh2 {[%emt 0:11:30]} h6 {[%emt 0:05:52]} 20. Ne4 {[%emt 0:06:30]} c5 {[%emt 0:01:08]} 21. d5 {[%emt 0:03:30]} exd5 {[%emt 0:02:56]} 22. Bxd5 {[%emt 0:00:30]} Bxd5 {[%emt 0:00:53]} 23. Nxf6+ {[%emt 0:00:44]} Qxf6 {[%emt 0:00:02]} 24. Rxd5 {[%emt 0:00:16]} h5 {[%emt 0:02:30]} 25. f5 {[%emt 0:05:46]} c4 {[%emt 0:01:24]} 26. fxg6 {[%emt 0:00:40]} fxg6 {[%emt 0:00:04]} 27. Nf3 {[%emt 0:00:32]} Re8 {[%emt 0:02:10]} 28. Qxe8+ {[%emt 0:00:34]} Rxe8 {[%emt 0:00:02]} 29. Rxe8+ {[%emt 0:00:17]} Kf7 {[%emt 0:00:15]} 30. Re3 {[%emt 0:00:26]} Nf8 {[%emt 0:01:24]} 31. Ng5+ {[%emt 0:01:44]} Kg7 {[%emt 0:00:26]} 32. Rf3 {[%emt 0:01:18]} Qxb2 {[%emt 0:00:56]} 33. Rf7+ {[%emt 0:02:02]} Kg8 {[%emt 0:00:02]} 34. Rd8 {[%emt 0:00:42]} Qb4 {[%emt 0:00:56]} 35. Rc7 {[%emt 0:04:24]} Qe1+ {[%emt 0:00:58]} 36. Kg2 {[%emt 0:00:08]} Qe5 {[%emt 0:00:37]} 37. Rdc8 {[%emt 0:01:51]} Qd6 {[%emt 0:00:30]} 38. Kh2 {[%emt 0:02:47]} Qd2 {[%emt 0:00:37]} 39. Rf7 {[%emt 0:00:39]} Qd6 {[%emt 0:00:10]} 40. Ne4 {[%emt 0:00:46]} Qa3 {[%emt 0:00:29]} 41. Rcc7 {[%emt 0:31:06]} Kh8 {[%emt 0:30:48]} 42. Nf6 {[%emt 0:00:28]} 1-0

[Event "Frauenbundesliga 2021-22"]
[Site "Germany"]
[Date "2022.09.04"]
[Round "7.9"]
[White "Berzina, Ilze"]
[Black "Koepke, Elena"]
[Result "0-1"]
[WhiteElo "2192"]
[BlackElo "2304"]
[Annotator "NA RC"]
[PlyCount "66"]
[EventDate "2021.11.26"]
[EventType "team-tourn"]
[EventCountry "GER"]
[SourceTitle "playchess.com"]
[Source "ChessBase"]
[SourceQuality "1"]
[WhiteTeam "LOE"]
[BlackTeam "DEI"]
[WhiteTeamCountry "LAT"]
[BlackTeamCountry "GER"]
[TimeControl "40/5400+30:1800+30"]

1. e4 {[%emt 0:01:00]} c5 {[%emt 0:01:00]} 2. Nf3 {[%emt 0:00:00]} d6 {[%emt 0:00:00]} 3. Bb5+ {[%emt 0:00:00]} Bd7 {[%emt 0:00:00]} 4. Bxd7+ {[%emt 0:00:30]} Qxd7 {[%emt 0:00:30]} 5. c4 {[%emt 0:03:30]} Nf6 {[%emt 0:01:30]} 6. Nc3 {[%emt 0:01:30]} Nc6 {[%emt 0:01:30]} 7. d4 {[%emt 0:00:30]} cxd4 {[%emt 0:00:30]} 8. Nxd4 $14 {[%emt 0:00:30]} g6 {[%emt 0:00:30]} 9. b3 {[%emt 0:08:30]} Bg7 {[%emt 0:01:30]} 10. Bb2 {[%emt 0:00:30]} Qg4 {[%emt 0:01:30]} 11. O-O {[%emt 0:10:30]} Qxd1 {[%emt 0:22:30]} 12. Raxd1 {[%emt 0:00:30]} Nxd4 {[%emt 0:00:00]} 13. Rxd4 {[%emt 0:00:00]} O-O {[%emt 0:06:00]} 14. Rd2 {[%emt 0:03:00]} a6 {[%emt 0:00:30]} 15. Nd5 {[%emt 0:10:30]} Nxd5 {[%emt 0:04:30]} 16. Bxg7 {[%emt 0:03:30]} Kxg7 {[%emt 0:00:00]} 17. Rxd5 {[%emt 0:02:30]} b5 {[%emt 0:15:00]} 18. cxb5 {[%emt 0:17:30]} axb5 {[%emt 0:00:30]} 19. Rd2 {[%emt 0:00:00]} Rfc8 {[%emt 0:00:30]} 20. Re1 {[%emt 0:04:00]} Rc5 {[%emt 0:09:30]} 21. f4 {[%emt 0:00:30]} Ra7 {[%emt 0:01:30]} 22. Kf2 {[%emt 0:00:30]} g5 {[%emt 0:14:13]} 23. g3 {[%emt 0:02:30]} h6 {[%emt 0:03:08]} 24. Kf3 {[%emt 0:00:30]} Kf6 {[%emt 0:05:20]} 25. Re3 {[%emt 0:08:30]} Rc1 {[%emt 0:06:48]} 26. Kg4 {[%emt 0:02:30]} gxf4 {[%emt 0:00:24]} 27. gxf4 {[%emt 0:00:47]} Ra8 {[%emt 0:02:49]} 28. e5+ {[%emt 0:14:08]} dxe5 {[%emt 0:00:04]} 29. Rxe5 {[%emt 0:00:05]} Rg1+ {[%emt 0:00:05]} 30. Kh5 {[%emt 0:01:16]} Rf1 {[%emt 0:01:27]} 31. Rxb5 {[%emt 0:01:18]} Rxf4 {[%emt 0:00:24]} 32. a4 {[%emt 0:00:51]} Rg8 {[%emt 0:00:36]} 33. Rbd5 {[%emt 0:03:01]} Rg5+ {[%emt 0:01:05]} 0-1

[Event "Frauenbundesliga 2021-22"]
[Site "Germany"]
[Date "2022.09.04"]
[Round "7.10"]
[White "Jelica, Mara"]
[Black "Otikova, Elina"]
[Result "1-0"]
[WhiteElo "2085"]
[BlackElo "2105"]
[Annotator "NA RC"]
[PlyCount "97"]
[EventDate "2021.11.26"]
[EventType "team-tourn"]
[EventCountry "GER"]
[SourceTitle "playchess.com"]
[Source "ChessBase"]
[SourceQuality "1"]
[WhiteTeam "DEI"]
[BlackTeam "LOE"]
[WhiteTeamCountry "CRO"]
[BlackTeamCountry "LAT"]
[TimeControl "40/5400+30:1800+30"]

1. e4 {[%emt 0:01:00]} e5 {[%emt 0:01:00]} 2. Nf3 {[%emt 0:00:00]} Nc6 {[%emt 0:00:00]} 3. Bb5 {[%emt 0:00:00]} a6 {[%emt 0:00:00]} 4. Ba4 {[%emt 0:00:30]} Nf6 {[%emt 0:00:30]} 5. O-O {[%emt 0:00:00]} b5 {[%emt 0:00:00]} 6. Bb3 {[%emt 0:00:00]} Bc5 {[%emt 0:00:00]} 7. c3 {[%emt 0:00:00]} d6 {[%emt 0:00:30]} 8. d3 $11 {[%emt 0:01:00]} (8. d4 $14 Bb6 9. a4) 8... O-O {[%emt 0:04:30]} 9. a4 {[%emt 0:05:30]} Rb8 {[%emt 0:02:30]} 10. axb5 {[%emt 0:00:30]} axb5 {[%emt 0:00:00]} 11. Re1 {[%emt 0:09:30]} h6 {[%emt 0:04:00]} 12. h3 {[%emt 0:02:30]} Re8 {[%emt 0:02:30]} 13. Bc2 {[%emt 0:03:30]} Bb6 {[%emt 0:02:30]} 14. Na3 {[%emt 0:03:30]} Bd7 {[%emt 0:08:30]} 15. Nxb5 {[%emt 0:02:30]} Bxf2+ {[%emt 0:02:30]} 16. Kxf2 {[%emt 0:00:30]} Rxb5 {[%emt 0:00:30]} 17. b4 {[%emt 0:01:30]} Nh5 {[%emt 0:10:30]} 18. Kg1 {[%emt 0:01:30]} Qf6 {[%emt 0:07:30]} 19. Rf1 {[%emt 0:01:30]} Nf4 {[%emt 0:08:30]} 20. Bxf4 {[%emt 0:01:30]} Qxf4 {[%emt 0:14:30]} 21. Qe1 {[%emt 0:09:30]} Rb6 {[%emt 0:06:30]} 22. Bb3 {[%emt 0:03:30]} Be6 {[%emt 0:04:30]} 23. Bxe6 {[%emt 0:07:30]} fxe6 {[%emt 0:00:30]} 24. b5 {[%emt 0:04:30]} Rxb5 {[%emt 0:06:23]} 25. Nd4 {[%emt 0:04:30]} Nxd4 {[%emt 0:00:04]} 26. Rxf4 {[%emt 0:00:30]} Nc2 {[%emt 0:00:04]} 27. Qd1 {[%emt 0:07:30]} Nxa1 {[%emt 0:00:16]} 28. Rf1 {[%emt 0:05:30]} Nb3 {[%emt 0:01:40]} 29. Qf3 {[%emt 0:00:30]} Kh8 {[%emt 0:06:18]} 30. Qf7 {[%emt 0:00:30]} Rg8 {[%emt 0:03:08]} 31. Qxc7 {[%emt 0:01:30]} Rc5 {[%emt 0:00:38]} 32. Qxd6 {[%emt 0:00:30]} Rxc3 {[%emt 0:01:00]} 33. Kh2 {[%emt 0:08:30]} Nd4 {[%emt 0:03:00]} 34. Rd1 {[%emt 0:06:57]} Rc2 {[%emt 0:00:04]} 35. Kh1 {[%emt 0:00:21]} Ra8 {[%emt 0:01:49]} 36. Qxe5 {[%emt 0:00:18]} Ne2 {[%emt 0:01:18]} 37. Rb1 {[%emt 0:02:04]} Rd2 {[%emt 0:00:37]} 38. Rb8+ {[%emt 0:01:35]} Rxb8 {[%emt 0:00:04]} 39. Qxb8+ {[%emt 0:00:00]} Kh7 {[%emt 0:00:09]} 40. Qd6 {[%emt 0:01:48]} Rd1+ {[%emt 0:01:13]} 41. Kh2 {[%emt 0:00:57]} e5 {[%emt 0:05:15]} 42. Qxe5 {[%emt 0:00:30]} Rxd3 {[%emt 0:01:30]} 43. Qf5+ {[%emt 0:00:30]} Kg8 {[%emt 0:04:30]} 44. Qc5 {[%emt 0:10:30]} Rd2 {[%emt 0:01:56]} 45. Qb4 {[%emt 0:02:30]} Rd4 {[%emt 0:02:15]} 46. Qb3+ {[%emt 0:00:00]} Kh7 {[%emt 0:02:31]} 47. Qe3 {[%emt 0:00:00]} Kg6 {[%emt 0:00:10]} 48. Qxe2 {[%emt 0:00:30]} Kf6 {[%emt 0:00:04]} 49. Qf2+ {[%emt 0:00:30]} 1-0